| 000 | 00428nam a2200157 a 4500 | ||
|---|---|---|---|
| 001 | 16661 | ||
| 003 | CO-ViMGA | ||
| 008 | 141112s2004 ck r 000 u spa d | ||
| 020 | _a01219790 | ||
| 040 |
_aCO-ViMGA _bspa _cCO-ViMGA |
||
| 110 |
_aEl Tiempo _98972 |
||
| 245 | 1 | 0 | _aLECTURAS DOMINICALES DIC 7 - 2003 |
| 260 |
_aBogotá : _bCasa editorial el Tiempo |
||
| 505 | _aLa pesadilla del acoso laboral : Mobbing | ||
| 942 |
_2ddc _cBK |
||
| 999 |
_c25686 _d25686 |
||